Power Electronics (Record no. 306241)

MARC details
000 -LEADER
fixed length control field 00416nam a2200157Ia 4500
008 - FIXED-LENGTH DATA ELEMENTS--GENERAL INFORMATION
fixed length control field 230718s9999 xx 000 0 und d
041 ## - LANGUAGE CODE
Language code of text/sound track or separate title eng
082 ## - DEWEY DECIMAL CLASSIFICATION NUMBER
Classification number 621.317
Item number JAL
100 ## - MAIN ENTRY--PERSONAL NAME
Personal name Jalnekar R.M.
9 (RLIN) 123034
245 ## - TITLE STATEMENT
Title Power Electronics
260 ## - PUBLICATION, DISTRIBUTION, ETC. (IMPRINT)
Date of publication, distribution, etc. 2000
Name of publisher, distributor, etc. Technical Publications
300 ## - PHYSICAL DESCRIPTION
Extent 911
365 ## - TRADE PRICE
Currency code Rs.
Price amount 250.00
700 ## - ADDED ENTRY--PERSONAL NAME
Personal name Jalnekar R.M. & Pasalkar N.B.
906 ## - LOCAL DATA ELEMENT F, LDF (RLIN)
d B:130408-Nov-2003
c ETC
b 37.5
Holdings
Withdrawn status Lost status Damaged status Not for loan Home library Current library Date acquired Vendor Budget Code Cost, normal purchase price Bill number Full call number Barcode Date last seen Discount Cost, replacement price Bill Date Koha item type Original Barcode
Withdrawn       Cummins College of Engineering for Women Pune Cummins College of Engineering for Women Pune 10/11/2003 Mbs ETC 212.50 1304 621.317 CCEP-BK-17448 18/07/2023 37.5 250.00 08/11/2003 Books 017448